| 000 | 00450 a2200145 4500 | ||
|---|---|---|---|
| 999 |
_c11928 _d11928 |
||
| 003 | OSt | ||
| 005 | 20240111171436.0 | ||
| 008 | 240111b ||||| |||| 00| 0 eng d | ||
| 020 | _a97875609878041 | ||
| 082 | _a725 | ||
| 100 | _aLi Xia Song | ||
| 245 | _aCommercial Buildings Aesthetics : Design Analysis of Commercial Districts & Commercial Buildings Tankobon | ||
| 260 |
_b Huazhong University of Science and Technology Press _c2015 |
||
| 942 | _2ddc | ||